000 00684cam7a220022900 4500
001 qce01267336
005 20190823085329.0
008 770328s1959 enk 000 0 eng c
035 _a(Sirsi) r54407
035 _a(QCAT)lss01535148
035 _a(UPRA)qce01267336
040 _dUPRA
100 1 _aMozley, Alan, 1904-
_dMozley, Alan, 1904-
_6A10906.1
245 1 0 _aEcological processes /
_cAlan Mozley.
260 _aLondon :
_bH.K. Lewis & Co.,
_c1959.
500 _aIncludes index.
504 _aBibliographical footnotes.
650 0 _aAdaptation (Biology)
_6S4788.1
650 0 _aGenetics.
_6S675.1
949 _aQH541
_wlcc
_i-70031
_mMAIN
_tBOOK
_lON-SHELF
004 54407
999 _c141653
_d141653